|
|
|
|
| LEADER |
00941nab#a2200313#ar4500 |
| 001 |
000074471 |
| 003 |
SVKKK |
| 005 |
20080710122849.0 |
| 008 |
080512d1914 xo |||||||||||||||b|hun |
| FMT |
|
|
|
| 038 |
|
|
|a SVKKK
|
| 040 |
|
|
|a SVKKK
|b slo
|e AACR2
|
| 041 |
0 |
|
|a hun
|
| 044 |
|
|
|a xo
|c SK
|
| 080 |
|
|
|a 325
|2 1997
|
| 242 |
1 |
0 |
|a Vysťahovalectvo
|y slo
|
| 245 |
1 |
0 |
|a Kivándorlás
|
| 500 |
|
|
|a mikrofilm
|
| 520 |
2 |
|
|a Vysťahovalectvo zo Zemplína v marci roklu 1914. Do Ameriky odišlo 602 jedincov a vrátilo sa 226. O nový pas požiadalo 943 jedincov z čoho bolo vybavených 776 a 167žiadateľom odmietli pasy udeliť
|
| 650 |
0 |
4 |
|a vysťahovalectvo
|x ukazovatele štatistické
|z Zemplín (oblasť)
|y marec 1914
|
| 655 |
|
4 |
|a hungariká
|
| 773 |
0 |
|
|t Felvidéki Hirlap
|g Roč. 7, č. 16 (26.04.1914) s. 2
|
| 957 |
|
|
|a Zemplín (oblasť)
|
| 958 |
|
|
|a DG
|
| 958 |
|
|
|a HU
|
| 974 |
|
|
|a Ba
|
| 992 |
|
|
|a RBX
|
| BAS |
|
|
|
| 998 |
|
|
|a RETRO
|